00738nam a22002057a 4500003000500000005001700005008004100022010001000063011001000073035001000083040000900093100003300102245005100135260014400186300002100330490006200351650002400413650003000437830006500467CHAP20220817042100.0971013s1976 r 00010 d a33998 a34970 a39086 cCHAP00aMéndez Ramírez, Ignacio. aExperimentos factoriales balanceados completos aMéxico, D.F. :bUniversidad Nacional Autónoma de México. Instituto de Investigaciones en Matemáticas Aplicadas y en Sistemas,c1976 a75 p.b; gráfs aComunicaciones técnicas. Serie azul: monografíav; 2314aAnalisis factorial.14aDiseños experimentales.0 aComunicaciones técnicas. Serie azúl : Monografíav; 23